[Event "Titled Tue 17th Jun Late"]
[Site "chess.com INT"]
[Date "2025.06.17"]
[Round "2"]
[White "Lysyj, Igor"]
[Black "Aliyev, Elnur"]
[Result "1-0"]
[WhiteTitle "GM"]
[BlackTitle "CM"]
[WhiteElo "2582"]
[BlackElo "2123"]
[WhiteFideId "4150120"]
[BlackFideId "13402617"]
[EventDate "2025.06.17"]

1. d4 d5 2. c4 e6 3. Nc3 Ne7 4. Nf3 Nbc6 5. Bf4 a6 6. e3 g6 7. h4 h6 8. h5 g5 9.
Be5 Nxe5 10. Nxe5 Bg7 11. Bd3 c5 12. cxd5 cxd4 13. exd4 Nxd5 14. Be4 Nxc3 15.
bxc3 Qc7 16. O-O O-O 17. Qe2 Qxc3 18. Rfd1 Qc7 19. Rac1 Qd6 20. Bb1 f5 21. Nc4
Qd8 22. Ne3 Bd7 23. d5 Bb5 24. Qe1 e5 25. Nxf5 Qf6 26. d6 Rac8 27. Ne7+ Kh8 28.
Rxc8 Rxc8 29. Nxc8 Bc6 30. Ne7 Bf8 31. Nxc6 bxc6 32. Qe4 Qg7 33. d7 Be7 34.
d8=Q+ Bxd8 35. Rxd8+ Qg8 36. Qh7# 1-0

[Event "Titled Tue 17th Jun Late"]
[Site "chess.com INT"]
[Date "2025.06.17"]
[Round "2"]
[White "Montano Vicente, Guadalupe"]
[Black "Zuferi, Enis"]
[Result "0-1"]
[BlackTitle "FM"]
[WhiteElo "1938"]
[BlackElo "2339"]
[WhiteFideId "5181399"]
[BlackFideId "24692530"]
[EventDate "2025.06.17"]

1. d4 Nf6 2. c4 e6 3. Nc3 Bb4 4. Qc2 d5 5. a3 Bxc3+ 6. Qxc3 O-O 7. Bg5 h6 8.
Bxf6 Qxf6 9. Nf3 dxc4 10. Qxc4 Nc6 11. e3 e5 12. d5 Ne7 13. e4 Bg4 14. Be2 c6
15. O-O Rac8 16. Qd3 Rfd8 17. h3 Bh5 18. Rac1 cxd5 19. Rxc8 Nxc8 20. exd5 Nd6
21. Qe3 e4 22. Nd4 Bxe2 23. Nxe2 Qxb2 24. Nf4 Qe5 25. Rd1 Rc8 26. Ne2 b6 27. Rd4
Rc2 28. f4 Qf6 29. Ng3 Qe7 30. f5 Qc7 0-1

[Event "Titled Tue 17th Jun Late"]
[Site "chess.com INT"]
[Date "2025.06.17"]
[Round "2"]
[White "Melillo, Lucius"]
[Black "Gumularz, Szymon"]
[Result "0-1"]
[WhiteTitle "FM"]
[BlackTitle "GM"]
[WhiteElo "2170"]
[BlackElo "2605"]
[WhiteFideId "30958245"]
[BlackFideId "1188062"]
[EventDate "2025.06.17"]

1. d4 d6 2. e4 Nf6 3. Nc3 e5 4. dxe5 dxe5 5. Qxd8+ Kxd8 6. Bc4 Ke8 7. Nf3 Bd6 8.
Bg5 Nbd7 9. O-O-O a6 10. a4 h6 11. Bh4 b6 12. Bg3 Bb7 13. Rhe1 Nh5 14. Bd5 Bxd5
15. Rxd5 Ndf6 16. Rd3 Nxg3 17. hxg3 Ng4 18. Re2 Rb8 19. Nd2 b5 20. f3 Nf6 21.
Nf1 Bc5 22. Ne3 c6 23. Nf5 g6 24. Ne3 h5 25. f4 Ke7 26. Nf1 h4 27. f5 g5 28. Nd2
hxg3 29. Nb3 Rh1+ 30. Nd1 Bf2 31. axb5 axb5 32. Kd2 c5 33. Na5 Rc8 34. c4 Rh4
35. cxb5 c4 36. Ra3 Nxe4+ 37. Kc2 Rc5 38. Nc6+ Kf6 39. Nc3 Nxc3 40. Rxc3 Rxb5
41. Rd2 Kxf5 42. Ne7+ Ke6 43. Nc8 Bd4 0-1

[Event "Titled Tue 17th Jun Late"]
[Site "chess.com INT"]
[Date "2025.06.17"]
[Round "2"]
[White "Danila, Tudor-Gabriel"]
[Black "Nguyen, Ngoc Truong Son"]
[Result "0-1"]
[WhiteTitle "CM"]
[BlackTitle "GM"]
[WhiteElo "2178"]
[BlackElo "2600"]
[WhiteFideId "1274244"]
[BlackFideId "12401110"]
[EventDate "2025.06.17"]

1. e4 e5 2. Nf3 Nc6 3. Bc4 Bc5 4. b4 Bxb4 5. c3 Be7 6. d4 Na5 7. Be2 d6 8. Qa4+
c6 9. dxe5 dxe5 10. Nxe5 Nf6 11. O-O O-O 12. Rd1 Qc7 13. Bf4 b5 14. Qc2 Qb6 15.
Nd2 Re8 16. Nef3 Bc5 17. Nd4 Bg4 18. Bxg4 Nxg4 19. N2b3 Nxb3 20. axb3 a5 21. h3
Nf6 22. e5 Nd5 23. Bg3 b4 24. Ne2 h6 25. c4 Nc7 26. Rd7 Ne6 27. Rad1 a4 28. bxa4
b3 29. Qf5 Re7 30. Rxe7 Bxe7 31. Nc3 Qb4 32. Rd7 Re8 33. Nb1 Qxc4 34. Kh2 Qc2
35. Qg4 Qxb1 0-1

[Event "Titled Tue 17th Jun Late"]
[Site "chess.com INT"]
[Date "2025.06.17"]
[Round "2"]
[White "Steinberg, Nitzan"]
[Black "Chen, Yidong"]
[Result "1-0"]
[WhiteTitle "GM"]
[WhiteElo "2554"]
[BlackElo "2074"]
[WhiteFideId "2801795"]
[BlackFideId "8607028"]
[EventDate "2025.06.17"]

1. d4 Nf6 2. Nf3 g6 3. Nbd2 d5 4. c4 c6 5. g3 Bg7 6. Bg2 O-O 7. O-O Ne4 8. e3
Bf5 9. Nh4 Nxd2 10. Qxd2 Be6 11. cxd5 Bxd5 12. e4 Bc4 13. Rd1 Nd7 14. b3 Ba6 15.
Bb2 e5 16. Nf3 exd4 17. Nxd4 Nf6 18. Qc2 Qb6 19. Rd2 Rfe8 20. Re1 Rad8 21. a3
Ng4 22. Nf3 Bxb2 23. Rxd8 Rxd8 24. Qxb2 Rd3 25. b4 Qd8 26. h3 Nf6 27. e5 Nd5 28.
e6 fxe6 29. Ne5 Nc7 30. Nxd3 Qxd3 31. Qe5 Qd7 32. h4 Bc4 33. h5 Bd5 34. Bh3 Qf7
35. h6 b6 36. Re3 1-0

[Event "Titled Tue 17th Jun Late"]
[Site "chess.com INT"]
[Date "2025.06.17"]
[Round "2"]
[White "Arabidze, Meri"]
[Black "Beulen, Marcel"]
[Result "0-1"]
[WhiteTitle "IM"]
[BlackTitle "FM"]
[WhiteElo "2440"]
[BlackElo "2359"]
[WhiteFideId "13604040"]
[BlackFideId "1001450"]
[EventDate "2025.06.17"]

1. Nf3 d5 2. c4 c6 3. g3 Nf6 4. Bg2 Bf5 5. O-O e6 6. b3 Nbd7 7. Bb2 Be7 8. Nc3
O-O 9. d4 Ne4 10. e3 a5 11. Qe2 Re8 12. Rac1 Bb4 13. Nxe4 Bxe4 14. Rfd1 Qe7 15.
c5 a4 16. a3 Ba5 17. b4 Bc7 18. Bh3 Bxf3 19. Qxf3 e5 20. Bxd7 Qxd7 21. dxe5 Bxe5
22. Bxe5 Rxe5 23. Rd4 Rae8 24. Qd1 Ra8 25. e4 h6 26. exd5 Rxd5 27. Rxd5 cxd5 28.
Qd4 Re8 29. Rd1 Rd8 30. Kg2 Qf5 31. Rd2 Qd7 32. h3 Qc6 33. Kh2 Qd7 34. Re2 Kf8
35. Re5 f6 36. Re2 Re8 37. Rd2 Re5 38. Kg2 g5 39. Qd3 Kg7 40. Qd4 Qc6 41. Rd3
Qd7 42. Rf3 Qe6 43. Rd3 Qc6 44. Rd1 Qe6 45. b5 h5 46. Qxa4 Qf5 47. Rd2 g4 48. h4
Qf3+ 49. Kh2 Re1 50. Qf4 Rh1# 0-1

[Event "Titled Tue 17th Jun Late"]
[Site "chess.com INT"]
[Date "2025.06.17"]
[Round "2"]
[White "Peatman, Carter"]
[Black "Bogaudinov, Rushan"]
[Result "0-1"]
[BlackTitle "FM"]
[WhiteElo "2082"]
[BlackElo "1912"]
[WhiteFideId "2096480"]
[BlackFideId "4129288"]
[EventDate "2025.06.17"]

1. d4 d5 2. Bf4 Nf6 3. e3 e6 4. Nf3 Be7 5. c4 O-O 6. Nc3 b6 7. cxd5 Nxd5 8. Bg3
Bb7 9. Rc1 c5 10. dxc5 Nxc3 11. Qxd8 Rxd8 12. bxc3 Bxc5 13. Be2 Bd5 14. c4 Bb4+
15. Kf1 Bb7 16. Be5 Nc6 17. Bc3 Ba3 18. Rd1 Rxd1+ 19. Bxd1 Ba6 20. Be2 Rc8 21.
g4 f6 22. Kg2 Ne7 23. Nd2 b5 24. Rb1 bxc4 25. Bf3 Nd5 26. Bxd5 exd5 27. Nf3 Bd6
28. Rd1 Bb7 29. Nd4 Kf7 30. Rb1 Ba6 31. f4 Rb8 32. Rd1 Bc5 33. Kf3 g6 34. Nc6
Rc8 35. Nd4 Rc7 36. h4 Bc8 37. h5 Be6 38. f5 gxf5 39. gxf5 Bc8 40. Kf4 Re7 41.
Ne6 Bxe6 42. fxe6+ Kxe6 43. h6 Bd6+ 44. Kf3 Be5 45. Bd4 Rb7 0-1

[Event "Titled Tue 17th Jun Late"]
[Site "chess.com INT"]
[Date "2025.06.17"]
[Round "2"]
[White "Hakobyan, Aram"]
[Black "Barp, Alberto"]
[Result "1-0"]
[WhiteTitle "GM"]
[BlackTitle "IM"]
[WhiteElo "2620"]
[BlackElo "2414"]
[WhiteFideId "13306677"]
[BlackFideId "872555"]
[EventDate "2025.06.17"]

1. d4 Nf6 2. c4 e6 3. Nc3 Bb4 4. e3 O-O 5. a3 Bxc3+ 6. bxc3 d6 7. Ne2 e5 8. Ng3
Re8 9. Ra2 b6 10. f3 Nc6 11. e4 h6 12. Be2 Na5 13. O-O Ba6 14. Nf5 Bxc4 15. Bxc4
Nxc4 16. Qe1 Nh5 17. f4 Nxf4 18. Bxf4 exf4 19. Rxf4 Qg5 20. Qf1 d5 21. e5 f6 22.
h4 Qg6 23. Qf3 h5 24. exf6 Qxf6 25. Qxd5+ Qe6 26. Ne7+ Rxe7 27. Qxa8+ Re8 28.
Qf3 Ne5 29. Qe2 Nf3+ 30. Kf2 1-0

[Event "Titled Tue 17th Jun Late"]
[Site "chess.com INT"]
[Date "2025.06.17"]
[Round "2"]
[White "Sharankov, Grigory"]
[Black "Molinaroli, Martin"]
[Result "1-0"]
[WhiteTitle "CM"]
[BlackTitle "FM"]
[WhiteElo "2238"]
[BlackElo "2157"]
[WhiteFideId "4168356"]
[BlackFideId "4606604"]
[EventDate "2025.06.17"]

1. e4 b6 2. d4 Bb7 3. Bd3 e6 4. Nf3 Nf6 5. Qe2 d5 6. Nbd2 Nc6 7. c3 dxe4 8. Nxe4
Be7 9. O-O O-O 10. Bf4 Nxe4 11. Qxe4 g6 12. Qe3 Bf6 13. Rad1 Ne7 14. Bh6 Re8 15.
Rfe1 Nd5 16. Qe2 Qd6 17. Ne5 Bg7 18. Bxg7 Kxg7 19. Qf3 f6 20. Ng4 h5 21. Nxf6
Rf8 22. Nxh5+ gxh5 23. Qxh5 Rf6 24. Qh7+ Kf8 25. Re5 Rf7 26. Qh6+ Ke7 27. Rde1
Nf4 28. Bc4 Rg8 29. Rxe6+ Kd7 30. Rxd6+ cxd6 31. Bxf7 Rxg2+ 32. Kf1 Ba6+ 33. c4 1-0

[Event "Titled Tue 17th Jun Late"]
[Site "chess.com INT"]
[Date "2025.06.17"]
[Round "2"]
[White "Brancaleoni, Maurizio"]
[Black "Pontes, Luiz Felizola Lima"]
[Result "1-0"]
[WhiteTitle "FM"]
[WhiteElo "2185"]
[BlackElo "2062"]
[WhiteFideId "803022"]
[BlackFideId "44709919"]
[EventDate "2025.06.17"]

1. Nf3 d5 2. d4 Nf6 3. c4 c6 4. cxd5 cxd5 5. Nc3 Nc6 6. Bf4 Bf5 7. e3 e6 8. Qb3
Na5 9. Qa4+ Nd7 10. Ne5 Nc6 11. Nxc6 bxc6 12. Qxc6 Rc8 13. Qa4 Be7 14. Ba6 Rxc3
15. bxc3 O-O 16. O-O Nb6 17. Qb3 g5 18. Bg3 h5 19. f3 h4 20. Bf2 Qc7 21. Rfc1
Nc4 22. e4 Bg6 23. Bxc4 dxc4 24. Qa4 f5 25. Qa6 fxe4 26. Qxe6+ Kh7 27. fxe4 Rf6
28. Qg4 Kh6 29. Rf1 Rf4 30. Qe2 Bd6 31. Be3 Rxe4 32. g3 Bxg3 33. Qf3 Bxh2+ 34.
Kh1 1-0

[Event "Titled Tue 17th Jun Late"]
[Site "chess.com INT"]
[Date "2025.06.17"]
[Round "2"]
[White "Harish, Neeraj"]
[Black "Frischmann, Rick"]
[Result "0-1"]
[WhiteTitle "CM"]
[BlackTitle "FM"]
[WhiteElo "2192"]
[BlackElo "2355"]
[WhiteFideId "30958130"]
[BlackFideId "24660752"]
[EventDate "2025.06.17"]

1. c4 e5 2. g3 h5 3. Nf3 e4 4. Nd4 Nc6 5. Nxc6 dxc6 6. Bg2 Bf5 7. Nc3 Nf6 8. d3
exd3 9. e4 Bg4 10. f3 Be6 11. b3 Qd7 12. Bb2 O-O-O 13. Qd2 h4 14. O-O-O Bb4 15.
a3 Bc5 16. Kb1 b5 17. e5 Ng8 18. Ne4 Be7 19. Qa5 Kb8 20. Bf1 bxc4 21. bxc4 Bxc4
22. Nc5 Bxc5 23. Qxc5 Qd5 24. Qxd5 Rxd5 25. gxh4 Rxh4 26. Rg1 g6 27. f4 Ne7 28.
Bg2 Rd8 29. Rge1 Rxh2 30. Be4 Bb3 0-1

[Event "Titled Tue 17th Jun Late"]
[Site "chess.com INT"]
[Date "2025.06.17"]
[Round "2"]
[White "Jarmula, Lukasz"]
[Black "Mahdavi, Reza"]
[Result "1-0"]
[WhiteTitle "GM"]
[BlackTitle "IM"]
[WhiteElo "2440"]
[BlackElo "2454"]
[WhiteFideId "1160664"]
[BlackFideId "12595926"]
[EventDate "2025.06.17"]

1. Nf3 Nf6 2. g3 b6 3. Bg2 Bb7 4. c4 g6 5. O-O Bg7 6. d4 O-O 7. d5 b5 8. Qc2
bxc4 9. e4 e6 10. Bg5 h6 11. Bxf6 Qxf6 12. Nc3 d6 13. dxe6 fxe6 14. e5 Qf5 15.
Qxf5 Rxf5 16. Nd4 Bxg2 17. Nxf5 Bxf1 18. Nxg7 Kxg7 19. Kxf1 d5 20. Nb5 Na6 21.
b3 Rb8 22. Nd4 Kf7 23. bxc4 Rb4 24. Nc6 Rxc4 25. Nxa7 Nb4 26. a3 Nd3 27. a4 Nxe5
28. a5 Rb4 29. a6 Rb8 30. Nb5 Nc6 31. a7 Ra8 32. Ra6 Nxa7 33. Rxa7 Rxa7 34. Nxa7
e5 35. Nc6 Ke6 36. Ke2 Kd6 37. Nd8 c5 38. Nf7+ Ke6 39. Nxh6 d4 40. Ng4 c4 41. f3
Kd5 42. Nf2 Kc5 43. h4 Kb4 44. g4 Kc3 45. h5 gxh5 46. gxh5 Kc2 47. Ne4 d3+ 48.
Ke1 Kc1 49. h6 c3 50. Nxc3 d2+ 51. Ke2 Kc2 52. Nd1 1-0

[Event "Titled Tue 17th Jun Late"]
[Site "chess.com INT"]
[Date "2025.06.17"]
[Round "2"]
[White "Achuthan, Aryan"]
[Black "Ragger, Markus"]
[Result "0-1"]
[BlackTitle "GM"]
[WhiteElo "2087"]
[BlackElo "2566"]
[WhiteFideId "30982294"]
[BlackFideId "1610856"]
[EventDate "2025.06.17"]

1. d4 Nf6 2. c4 g6 3. Nc3 d5 4. Nf3 Bg7 5. Bf4 O-O 6. e3 c5 7. dxc5 Ne4 8. Rc1
Nd7 9. cxd5 Qa5 10. Nd4 Nxc3 11. bxc3 Qxa2 12. Qb3 Qxb3 13. Nxb3 a5 14. c6 Nb6
15. c4 a4 16. Na1 a3 17. Be2 Bb2 18. Rd1 Bc3+ 19. Kf1 bxc6 20. dxc6 Be6 21. Nc2
Nxc4 22. f3 Nd2+ 23. Kf2 Bb3 24. Rc1 a2 25. Na1 Bb2 26. Rc5 Rfc8 27. Rb5 Bxa1
28. Rxa1 Rxc6 29. Be5 Be6 30. Rb2 Nc4 31. Bxc4 Bxc4 32. Bd4 f6 33. e4 Be6 34.
Ke3 Kf7 35. Kd2 Ra3 36. Rc2 Rd6 0-1

[Event "Titled Tue 17th Jun Late"]
[Site "chess.com INT"]
[Date "2025.06.17"]
[Round "2"]
[White "Labussiere, Victor"]
[Black "Watanabe, Akira"]
[Result "1-0"]
[WhiteTitle "FM"]
[BlackTitle "FM"]
[WhiteElo "2312"]
[BlackElo "2284"]
[WhiteFideId "2183129"]
[BlackFideId "7000227"]
[EventDate "2025.06.17"]

1. c4 e6 2. Nf3 d5 3. g3 Nf6 4. Bg2 Be7 5. O-O O-O 6. b3 c5 7. Bb2 d4 8. e3 Nc6
9. exd4 cxd4 10. Re1 a5 11. Ne5 Nxe5 12. Rxe5 Nd7 13. Rb5 Nc5 14. Ba3 Qc7 15. d3
Bd7 16. Bxc5 Bxc5 17. Rxb7 Qd6 18. Rxd7 Qxd7 19. Bxa8 Rxa8 20. Nd2 Bb4 21. Nf3
f6 22. Qe2 e5 23. Qe4 Rd8 24. g4 Bc3 25. Rb1 Qd6 26. Kg2 Rf8 27. Rg1 g6 28. Kh1
Kh8 29. h4 Qa3 30. h5 g5 31. h6 Qe7 32. Kg2 Rg8 33. Rh1 Rb8 34. Qf5 Rf8 35. Rb1
Rb8 36. a3 Qf8 37. c5 Qxh6 38. b4 axb4 39. axb4 Qg7 40. b5 Qe7 41. c6 Kg7 42. b6
Ba5 43. c7 1-0

[Event "Titled Tue 17th Jun Late"]
[Site "chess.com INT"]
[Date "2025.06.17"]
[Round "2"]
[White "Rosenbecker, Daniel"]
[Black "Yanev, Tihomir"]
[Result "0-1"]
[WhiteTitle "CM"]
[BlackTitle "IM"]
[WhiteElo "2109"]
[BlackElo "2354"]
[WhiteFideId "1718959"]
[BlackFideId "2910110"]
[EventDate "2025.06.17"]

1. b3 e5 2. Bb2 Nc6 3. e3 a6 4. Nf3 d6 5. c4 f5 6. d4 e4 7. Nfd2 Nf6 8. Be2 Be7
9. O-O O-O 10. f3 Qe8 11. fxe4 fxe4 12. Qc2 Qg6 13. Kh1 Bf5 14. Nc3 Ng4 15. Bxg4
Qxg4 16. Ncxe4 Bg5 17. Qd1 Qxd1 18. Raxd1 Bxe3 19. Ng3 Bc2 20. Rxf8+ Rxf8 21.
Rc1 Nb4 22. Ngf1 Bxd2 23. Nxd2 Rf2 24. a3 Rxd2 25. axb4 Bxb3 26. Bc3 Ra2 27. c5
Bd5 28. Rg1 b6 29. cxd6 cxd6 30. h3 a5 31. bxa5 bxa5 32. Kh2 a4 33. Kg3 g5 34.
Kg4 h6 35. h4 gxh4 36. Kxh4 Rc2 37. Bb4 Rc4 38. Bxd6 Rxd4+ 39. Kg3 a3 40. Be5
Rd2 41. Bf4 Rd3+ 42. Kf2 Kg7 43. Ra1 a2 44. g3 Kg6 45. Ke2 Rb3 0-1

[Event "Titled Tue 17th Jun Late"]
[Site "chess.com INT"]
[Date "2025.06.17"]
[Round "2"]
[White "Uzuner, Tufan Can"]
[Black "Matyakubov, Miraziz"]
[Result "0-1"]
[WhiteTitle "CM"]
[BlackTitle "CM"]
[WhiteElo "1909"]
[BlackElo "2278"]
[WhiteFideId "6300499"]
[BlackFideId "14215772"]
[EventDate "2025.06.17"]

1. d4 Nf6 2. Nf3 e6 3. c4 d5 4. Nc3 Be7 5. cxd5 exd5 6. Bf4 O-O 7. e3 c6 8. Bd3
Re8 9. O-O h6 10. h3 Be6 11. Qc2 Nbd7 12. Rad1 Rc8 13. Ne5 a6 14. a3 c5 15. Qe2
cxd4 16. exd4 Bxa3 17. bxa3 Rxc3 18. Qb2 Qc8 19. Rc1 Rxc1 20. Rxc1 Qb8 21. Nxd7
Qxf4 22. Nxf6+ Qxf6 23. Qxb7 Qxd4 24. Bxa6 Bf5 25. Bb5 Re5 26. a4 Be4 27. Rc8+
Kh7 28. Qxf7 Rg5 29. Qg8+ Kg6 30. Be8+ Kf6 31. Qf7+ Ke5 32. Qe7+ Kf4 33. Qd6+
Qe5 34. Qxe5+ Kxe5 35. g3 Kd6 36. Bb5 d4 37. Rd8+ Kc5 38. h4 Re5 39. Rd7 Bd5 40.
Rc7+ Kb4 41. Rc1 Bf3 42. Kf1 Kb3 43. Re1 Bg2+ 44. Kxg2 Rxe1 45. Kf3 Kc3 46. a5
d3 47. a6 d2 48. Be2 Ra1 0-1

[Event "Titled Tue 17th Jun Late"]
[Site "chess.com INT"]
[Date "2025.06.17"]
[Round "2"]
[White "Fikiet, Alex"]
[Black "Sokolovsky, Yahli"]
[Result "0-1"]
[BlackTitle "GM"]
[WhiteElo "2151"]
[BlackElo "2542"]
[WhiteFideId "2052717"]
[BlackFideId "2820242"]
[EventDate "2025.06.17"]

1. e4 d6 2. d4 g6 3. Nc3 Bg7 4. f4 Nf6 5. Nf3 O-O 6. Be3 c5 7. dxc5 Qa5 8. Bd3
Ng4 9. Bd2 Qxc5 10. Qe2 Nc6 11. h3 Nf6 12. a3 a6 13. Be3 Qa5 14. O-O Nh5 15. Nd5
Qd8 16. Kh2 e6 17. Bb6 Qd7 18. Nc7 Nxf4 19. Qe3 Nxd3 20. Nxa8 Nxb2 21. Rab1 Nc4
22. Qf2 e5 23. Nc7 Ne7 24. Nd5 Nxd5 25. exd5 f5 26. Ng5 Qe7 27. Nf3 e4 28. Nd4
e3 29. Qe2 Nxb6 30. Ne6 Bxe6 31. dxe6 Nd5 32. c4 Nc3 0-1

[Event "Titled Tue 17th Jun Late"]
[Site "chess.com INT"]
[Date "2025.06.17"]
[Round "2"]
[White "Bazan Romero, Octavio Aaron"]
[Black "Svane, Frederik"]
[Result "0-1"]
[WhiteTitle "FM"]
[BlackTitle "GM"]
[WhiteElo "2289"]
[BlackElo "2667"]
[WhiteFideId "20003943"]
[BlackFideId "12923044"]
[EventDate "2025.06.17"]

1. e4 c5 2. c3 d5 3. exd5 Qxd5 4. d3 Nc6 5. Nf3 e5 6. Be2 g6 7. O-O Bg7 8. Re1
Nge7 9. Na3 O-O 10. Nc2 h6 11. Ne3 Qd6 12. Nc4 Qc7 13. a4 Be6 14. Bf1 Rfe8 15.
Be3 b6 16. Na3 Nd5 17. Nb5 Qd7 18. Qc2 Rac8 19. Rad1 Nd4 20. Bxd4 exd4 21. Ne5
Bxe5 22. Rxe5 a6 23. Na3 dxc3 24. bxc3 Bf5 25. Rde1 Rxe5 26. Rxe5 Rd8 27. Nc4 b5
28. axb5 axb5 29. Nb2 c4 30. Qd2 cxd3 31. Bxd3 Qd6 32. Re1 Nf4 33. Re3 Nxd3 34.
Nxd3 Bxd3 0-1

[Event "Titled Tue 17th Jun Late"]
[Site "chess.com INT"]
[Date "2025.06.17"]
[Round "2"]
[White "Demchenko, Yaroslav"]
[Black "Atanasov, Anthony"]
[Result "0-1"]
[WhiteTitle "CM"]
[BlackTitle "IM"]
[WhiteElo "2263"]
[BlackElo "2417"]
[WhiteFideId "14186667"]
[BlackFideId "2623897"]
[EventDate "2025.06.17"]

1. Nf3 d5 2. e3 e6 3. b3 Nf6 4. Bb2 Bd6 5. d4 O-O 6. Bd3 b6 7. Nbd2 Bb7 8. Ne5
Nbd7 9. Qf3 Qe7 10. Qh3 Ne4 11. f3 Ng5 12. Qh5 g6 13. Qh6 f6 14. h4 fxe5 15.
hxg5 exd4 16. O-O-O dxe3 17. Bxg6 exd2+ 18. Kb1 Rf7 19. Bxf7+ Qxf7 20. g6 Qxg6
21. Qxd2 Be5 22. Rh6 Qg7 23. Rdh1 Bxb2 24. Rxh7 Qf6 25. Rxd7 Ba1 26. c3 Bxc3 27.
Qc2 Ba1 28. Rxc7 Ba6 29. Qh7+ Kf8 30. Qh6+ Qxh6 31. Rxh6 Be5 32. Rd7 Bd3+ 33.
Kc1 Bf4+ 34. Kd1 Bxh6 0-1

[Event "Titled Tue 17th Jun Late"]
[Site "chess.com INT"]
[Date "2025.06.17"]
[Round "2"]
[White "Goodrich, Elliott"]
[Black "Krawczyk, Flawian"]
[Result "1-0"]
[BlackTitle "CM"]
[WhiteElo "2019"]
[BlackElo "2247"]
[WhiteFideId "39902064"]
[BlackFideId "21881413"]
[EventDate "2025.06.17"]

1. e4 c5 2. Nf3 Nc6 3. d4 cxd4 4. Nxd4 Qb6 5. Nb3 Nf6 6. Nc3 e6 7. Be3 Qc7 8.
Be2 Bb4 9. f3 d5 10. O-O Bxc3 11. bxc3 dxe4 12. Bc5 Nd5 13. Qd2 e3 14. Qd3 Bd7
15. c4 Nf4 16. Qxe3 Nxe2+ 17. Qxe2 O-O-O 18. Rad1 Be8 19. Qe3 b6 20. Ba3 Qe5 21.
Rxd8+ Kxd8 22. Rd1+ Kc8 23. Qd3 Qc7 24. c5 Kb7 25. cxb6 axb6 26. Rb1 Ne5 27. Qd4
f6 28. Bd6 Nc6 29. Nc5+ Kc8 30. Qd3 Qa7 31. Nxe6 Bg6 32. Qc3 Kd7 33. Rd1 Kxe6
34. Qxc6 1-0

[Event "Titled Tue 17th Jun Late"]
[Site "chess.com INT"]
[Date "2025.06.17"]
[Round "2"]
[White "Schmider, Niklas"]
[Black "Guliev, Gasan"]
[Result "1-0"]
[WhiteTitle "IM"]
[BlackTitle "CM"]
[WhiteElo "2421"]
[BlackElo "2123"]
[WhiteFideId "12993778"]
[BlackFideId "34165638"]
[EventDate "2025.06.17"]

1. e4 c5 2. d3 Nc6 3. f4 g6 4. Be2 Bg7 5. Nf3 d6 6. c3 Bg4 7. O-O Bxf3 8. Bxf3
e6 9. a4 Nge7 10. Na3 O-O 11. Be3 b6 12. Bf2 d5 13. e5 Nf5 14. Qe1 h5 15. Nc2
Rc8 16. h3 h4 17. Ne3 Nxe3 18. Bxe3 d4 19. Bf2 dxc3 20. Bxh4 Qxd3 21. bxc3 Na5
22. Rd1 Qc4 23. Bf6 Rb8 24. Rd7 Bxf6 25. exf6 Qxf4 26. Bg4 Qg5 27. Bxe6 Nc6 28.
Bd5 Ne5 29. Re7 Rbe8 30. Bxf7+ Nxf7 31. Rxe8 Qd5 32. Rxf8+ Kxf8 33. Qe7+ Kg8 34.
Qe8+ Kh7 35. Qf8 Qxg2+ 36. Kxg2 1-0

[Event "Titled Tue 17th Jun Late"]
[Site "chess.com INT"]
[Date "2025.06.17"]
[Round "2"]
[White "Abdou Ahmed Alem"]
[Black "Holinka, Henning"]
[Result "0-1"]
[WhiteTitle "CM"]
[BlackTitle "FM"]
[WhiteElo "2002"]
[BlackElo "2303"]
[WhiteFideId "19603720"]
[BlackFideId "12967084"]
[EventDate "2025.06.17"]

1. d4 Nf6 2. Bf4 e6 3. e3 d5 4. Bd3 Bd6 5. Bxd6 Qxd6 6. c3 Nbd7 7. f4 Ne4 8. Nd2
f5 9. Ngf3 O-O 10. O-O c5 11. Bb5 cxd4 12. cxd4 a6 13. Bxd7 Bxd7 14. Nxe4 dxe4
15. Ne5 Bb5 16. Rf2 Rfc8 17. Rc1 a5 18. Rfc2 Rxc2 19. Qxc2 h6 20. Qc7 Qxc7 21.
Rxc7 Ba6 22. Re7 Rc8 23. h4 Rc1+ 24. Kh2 Rc2 25. h5 Be2 26. Rxb7 Bxh5 27. a3 Bf3
28. Nxf3 exf3 29. Kg1 Rxg2+ 30. Kf1 h5 31. b4 h4 32. bxa5 h3 33. a6 h2 0-1

[Event "Titled Tue 17th Jun Late"]
[Site "chess.com INT"]
[Date "2025.06.17"]
[Round "2"]
[White "Rao, Anjaneya Sripathy"]
[Black "Koellner, Ruben Gideon"]
[Result "0-1"]
[WhiteTitle "CM"]
[BlackTitle "IM"]
[WhiteElo "2217"]
[BlackElo "2503"]
[WhiteFideId "30954770"]
[BlackFideId "12993093"]
[EventDate "2025.06.17"]

1. e4 d6 2. d4 Nf6 3. Nc3 e5 4. dxe5 dxe5 5. Qxd8+ Kxd8 6. Bc4 Be6 7. Bxe6 fxe6
8. f3 Bd6 9. Be3 Ke7 10. O-O-O a6 11. Nge2 Nbd7 12. Kb1 b5 13. Nc1 c5 14. Nb3 c4
15. Na5 Rhc8 16. a3 b4 17. Nb7 bxc3 18. Nxd6 Rc6 19. Nb7 Rb8 20. Na5 Rxb2+ 21.
Ka1 Rc7 22. Rb1 Rxc2 23. Rhc1 Rxg2 24. Rxc3 Rxh2 25. Rxc4 Rxc4 26. Nxc4 Rh3 27.
Rb7 Rxf3 28. Bc5+ Kd8 29. Bd6 Nxe4 30. Bxe5 Nec5 31. Ra7 Nxe5 32. Nxe5 Rxa3+ 33.
Kb2 Rg3 34. Nf7+ Kc8 35. Nd6+ Kb8 36. Re7 h5 37. Ne8 h4 38. Nxg7 h3 39. Nxe6 Re3
40. Rh7 Nxe6 41. Rh8+ Kc7 42. Kc2 Kd6 43. Kd2 Ra3 44. Rh6 h2 45. Kc2 Ra2+ 46.
Kb3 Rg2 47. Kc4 Ke5 48. Rh5+ Ke4 49. Kb4 Nf4 50. Ka5 Nxh5 0-1

[Event "Titled Tue 17th Jun Late"]
[Site "chess.com INT"]
[Date "2025.06.17"]
[Round "2"]
[White "Wagner, Dennis"]
[Black "Oksendal, Martin"]
[Result "0-1"]
[WhiteTitle "GM"]
[BlackTitle "FM"]
[WhiteElo "2619"]
[BlackElo "2235"]
[WhiteFideId "24650684"]
[BlackFideId "1554107"]
[EventDate "2025.06.17"]

1. e4 e5 2. Nf3 Nf6 3. Nxe5 d6 4. Nf3 Nxe4 5. d4 d5 6. Bd3 Bd6 7. O-O O-O 8. c4
c6 9. Nc3 Nxc3 10. bxc3 dxc4 11. Bxc4 Bg4 12. h3 Bh5 13. g4 Bg6 14. Ne5 Bxe5 15.
dxe5 Qa5 16. Qd4 Rd8 17. Qe3 Nd7 18. f4 Nb6 19. Bb3 Rd3 20. Qf2 Be4 21. Be3 Rad8
22. f5 Qxe5 23. Rae1 Qxc3 24. f6 Qxf6 25. Qxf6 gxf6 26. Bxb6 Rg3+ 27. Kf2 Rf3+
28. Ke2 Rxf1 29. Rxf1 axb6 30. Rxf6 Bd5 31. Ke3 Bxb3 32. axb3 Rd5 33. Rf4 Rb5
34. b4 c5 35. Kd3 Rxb4 36. Rf5 Rb3+ 37. Kc4 Rxh3 38. Rf6 Rg3 39. Rxb6 Rxg4+ 40.
Kxc5 h5 41. Rxb7 Re4 42. Kd5 Re6 43. Rb1 Kg7 44. Rg1+ Kh6 45. Rf1 h4 46. Rxf7
Re8 47. Rf4 Kg5 48. Re4 Rxe4 49. Kxe4 Kg4 50. Ke3 Kg3 51. Ke2 Kg2 52. Ke3 h3 0-1